| 000 | 00843nam a2200253 a 4500 | ||
|---|---|---|---|
| 001 | BRL_1436 | ||
| 005 | 20190320211214.0 | ||
| 008 | 140114s1981----nyuabo####---#000-0#eng-# | ||
| 020 | _a0486241181 | ||
| 041 | _aeng | ||
| 044 | _anyu | ||
| 050 | 4 |
_aF3320.1.T48 _b.W37 1981 |
|
| 100 | 1 |
_aWasserman, Tamara E. _926904 |
|
| 245 | 1 | 0 |
_aBolivian indian textiles _btraditional designs and costumes _ctext & photography by Tamara E. Wasserman & Jonathan S. Hil. |
| 260 |
_aNew York _bDover Publications _c1981 |
||
| 300 |
_a32 p. _bil., láminas, mapas _c28 cm. |
||
| 440 | 0 |
_aDover pictorial archive series _91093 |
|
| 500 | _aAu1662 | ||
| 650 | 1 | 4 |
_aIndustria textil indígena _zBolivia _926905 |
| 650 | 1 | 4 |
_aIndígenas de América del Sur _xRopa _zBolivia _926906 |
| 700 | 1 |
_aHil, Jonathan S. _ecoaut. _926907 |
|
| 902 | _aGRL | ||
| 942 |
_2lcc _cB |
||
| 999 |
_c10246 _d10246 |
||